000 00668nam a2200289Ia 4500
005 20260324133321.0
008 008 260324s9999 xx 000 0 eng d
020 _a9780429143175
037 _aEBOOK
040 _aCRL
040 _beng
040 _cCRL
041 _2eng
041 _aeng
084 _qCRL
100 _aRichard H. McCuen
_91139994
245 0 _aModeling Hydrologic Change
245 0 _bStatistical Methods
260 _bTaylor and Francis
260 _c2003
365 _a
365 _b385
856 _uhttp://www.taylorfrancis.com/books/9780429143175
942 _cEBOOK
999 _c1791556
_d1791556